Monitoreo hidrobiológico del área de influencia del bloque Piedemonte, departamento del Casanare (Registro nro. 229)
[ vista simple ]
| 000 -CABECERA | |
|---|---|
| Campo de control | 00657nam a2200217 a 4500 |
| 005 - FECHA Y HORA DE LA ULTIMA TRANSACCION | |
| Campo de control | 20191224041519.0 |
| 008 - ELEMENTOS DE LONGITUD FIJA—INFORMACION GENERAL | |
| Campo de control | 140219b1996 ck ||||| |||| 00| 0 spa d |
| 040 ## - FUENTE DE CATALOGACIÓN | |
| Agencia catalogadora original | CO-BoIAVH |
| Agencia transcriptora | CO-BoIAVH |
| 041 ## - IDIOMA | |
| Código de idioma para texto/pista de sonido o título separado | Español |
| 090 ## - CLASIFICACIÓN LOCAL | |
| Colección | LB |
| Consecutivo | 00209 |
| 110 ## - ASIENTO PRINCIPAL--NOMBRE CORPORATIVO | |
| Unidad subordinad | BP Exploration |
| 245 ## - MENCION DE TITULO | |
| Título | Monitoreo hidrobiológico del área de influencia del bloque Piedemonte, departamento del Casanare |
| 257 ## - PAIS DE LA ENTIDAD PRODUCTORA DE FILMES DE ARCHIVO | |
| País de la entidad productora | Colombia |
| 300 ## - DESCRIPCION FISICA | |
| Extensión | 4 vol. |
| 650 ## - ASIENTO SECUNDARIO DE MATERIA - TERMINO TEMATICO | |
| Término temático o nombre geográfico como elemento de entrada | Comunidades bentónicas |
| 650 ## - ASIENTO SECUNDARIO DE MATERIA - TERMINO TEMATICO | |
| Término temático o nombre geográfico como elemento de entrada | Perifiton |
| 650 ## - ASIENTO SECUNDARIO DE MATERIA - TERMINO TEMATICO | |
| Término temático o nombre geográfico como elemento de entrada | Peces de agua dulce |
| 650 ## - ASIENTO SECUNDARIO DE MATERIA - TERMINO TEMATICO | |
| Término temático o nombre geográfico como elemento de entrada | Monitoreo limnológico |
| 650 ## - ASIENTO SECUNDARIO DE MATERIA - TERMINO TEMATICO | |
| Término temático o nombre geográfico como elemento de entrada | Variables físicoquímicas |
| 942 ## - ELEMENTOS ADICIONALES (KOHA) | |
| Tipo de ítem | CD-ROM |
| Sistema de clasificación | Local |
| Withdrawn status | Lost status | Sistema de Clasificación | Damaged status | No para préstamo | Colección | Ubicación Permanente | Ubicación actual | Fecha de adquisición | Fuente de adquisición | Total Checkouts | Número topográfico | Inventario / Código de Barras | Date last seen | Ejemplar | Price effective from | Forma de adquisición | Tipo de material | Public note |
|---|---|---|---|---|---|---|---|---|---|---|---|---|---|---|---|---|---|---|
| Local | Audiovisual | Bogotá | Bogotá | 26/12/1997 | BPExploration | LB-00209 | 035048 | 04/12/2012 | V. 1 Ej. 1 | 04/12/2012 | CD-ROM | |||||||
| Local | Audiovisual | Bogotá | Bogotá | 26/12/1997 | BPExploration | LB-00209 | 000293 | 04/12/2012 | V. 2 Ej. 1 | 04/12/2012 | CD-ROM | |||||||
| Local | Audiovisual | Bogotá | Bogotá | 26/12/1997 | BPExploration | LB-00209 | 035049 | 04/12/2012 | V. 3 Ej. 1 | 04/12/2012 | CD-ROM | |||||||
| Local | General | Villa de Leyva | Villa de Leyva | 26/12/1997 | BPExploration | LB-00209 | 000295 | 04/12/2012 | V. 4 Ej. 1 | 04/12/2012 | Libro | |||||||
| Local | General | Villa de Leyva | Villa de Leyva | 26/12/1997 | BPExploration | LB-00209 | 000296 | 04/12/2012 | Ej. 4 | 04/12/2012 | Libro | Monitoreo hidrobiológico del área de influencia del bloque Piedemonte, departamento del Casanare |